000 00719nam a2200205 i 4500
001 104662
003 ES-MaACL
005 20230906183647.0
007 t|
008 051207s1904 sp ||||1| spa d
100 1 _aMiñana y Villagrasa, Emilio.
_981392
245 1 0 _aDe la clasificación de las servidumbres en reales y personales
_b: estudio de derecho nacional y de legislación comparada /
_cE. Miñana y Villagrasa.
260 _aMadrid :
_bJosé Rueda,
_c1904.
300 _a93 p. ;
_c21 cm.
490 1 _aBiblioteca de revista jurídica ;
_v3
650 4 _aServidumbres.
_9153302
830 0 _aBiblioteca de revista jurídica ;
_v3
_9183420
852 _aES-MaACL
_jT-1034-F-3
999 _c104662
_d104662